|
|
|
|
| LEADER |
01478cam a2200385 a 4500 |
| 001 |
c000396356 |
| 003 |
CARM |
| 005 |
20140228145458.0 |
| 008 |
140228s1996 dcua b 001 0 eng d |
| 010 |
|
|
|a 95033558
|
| 015 |
|
|
|a GB9660451
|2 bnb
|
| 019 |
1 |
|
|a 11878473
|z 23018372
|5 LACONCORD2021
|
| 020 |
|
|
|a 0880487135 (alk. paper: hbk.)
|
| 035 |
|
|
|a (OCoLC)33077414
|5 LACONCORD2021
|
| 040 |
|
|
|a LC
|b eng
|c LC
|
| 050 |
0 |
0 |
|a RC451.4.A5
|b A518 l995
|
| 060 |
1 |
0 |
|a WT 150 A5124 1995
|
| 082 |
0 |
4 |
|a 618.97689
|2 20
|
| 084 |
|
|
|a FL 57
|2 blsrissc
|
| 245 |
0 |
4 |
|a The American psychiatric press textbook of geriatric psychiatry /
|c edited by Ewald W. Busse and Dan G. Blazer.
|
| 246 |
3 |
0 |
|a Textbook of geriatric psychiatry
|
| 250 |
|
|
|a 2nd ed.
|
| 260 |
|
|
|a Washington, D.C. :
|b American Psychiatric Press,
|c c1996.
|
| 300 |
|
|
|a xi, 502 p. :
|b ill. ;
|c 29 cm.
|
| 500 |
|
|
|a Previous ed. published as: Geriatric psychiatry. 1989.
|
| 500 |
|
|
|a Includes index.
|
| 504 |
|
|
|a Includes bibliographical references and index.
|
| 650 |
|
0 |
|a Geriatric psychiatry.
|
| 700 |
1 |
|
|a Blazer, Dan G.
|c II
|q (Dan German),
|d 1944-
|
| 700 |
1 |
|
|a Busse, Ewald W.,
|d 1917-2004.
|
| 852 |
8 |
|
|b CARM
|p 0601138
|f BK
|
| 852 |
8 |
|
|b SCAN
|h A3:AH16C0
|i F08778
|p 0601138
|f BK
|
| 999 |
f |
f |
|i 5a5276aa-22f6-5291-be1b-20b2e76ac335
|s 86895fc7-2ba6-5d68-8a56-dc270d840abd
|
| 952 |
f |
f |
|p Can circulate
|a CAVAL
|b CAVAL
|c CAVAL
|d CARM 1 Store
|i book
|m 0601138
|
| 952 |
f |
f |
|a CAVAL
|b CAVAL
|c CAVAL
|d Unmapped Location
|e F08778
|f A3:AH16C0
|h Other scheme
|